[Event "London CSC 5-Day U2050 op 10th"]
[Site "London"]
[Date "2018.12.13"]
[Round "5"]
[White "Tassell, Hugh G"]
[Black "Fields, Francis E"]
[Result "1-0"]
[WhiteElo "1601"]
[BlackElo "1815"]
[PlyCount "93"]
[EventDate "2018.12.09"]
[EventType "swiss"]
[EventRounds "5"]
[EventCountry "ENG"]
[SourceTitle "EXT 2020"]
[Source "ChessBase"]
[SourceDate "2019.10.17"]
[SourceVersion "1"]
[SourceVersionDate "2019.10.17"]
[SourceQuality "1"]

1. e4 e5 2. Bc4 Nf6 3. d3 Be7 4. Nf3 d6 5. h3 0-0 6. 0-0 Be6 7. Bb3 Nc6 8. c3 Bxb3 9. axb3 d5 10. Nbd2 dxe4 11. Nxe4 Nxe4 12. dxe4 Bc5 13. b4 Qxd1 14. Rxd1 Bd6 15. Be3 a6 16. Nd2 Rad8 17. Kf1 Be7 18. Nb3 Rxd1+ 19. Rxd1 Rd8 20. Ra1 Kf8 21. Ke2 Ke8 22. g3 f6 23. f4 Kf7 24. f5 g6 25. g4 g5 26. Rh1 Kg7 27. h4 h6 28. hxg5 hxg5 29. Bc5 b6 30. Bf2 Rh8 31. Ra1 Nb8 32. Nd2 Rd8 33. Nc4 Rd7 34. Ne3 c5 35. Nd5 cxb4 36. cxb4 b5 37. Rc1 Kf7 38. Rc8 Rd8 39. Rc3 Rd7 40. Bc5 Bd8 41. Ra3 Bc7 42. Ba7 Bd6 43. Bxb8 Bxb8 44. Rxa6 Rd6 45. Ra8 Rd8 46. Nc3 Bc7 47. Ra7 1-0

[Event "London CSC 5-Day U2050 op 10th"]
[Site "London"]
[Date "2018.12.10"]
[Round "2"]
[White "Heppell, Ian"]
[Black "Tassell, Hugh G"]
[Result "1-0"]
[WhiteElo "2028"]
[BlackElo "1601"]
[PlyCount "57"]
[EventDate "2018.12.09"]
[EventType "swiss"]
[EventRounds "5"]
[EventCountry "ENG"]
[SourceTitle "EXT 2020"]
[Source "ChessBase"]
[SourceDate "2019.10.17"]
[SourceVersion "1"]
[SourceVersionDate "2019.10.17"]
[SourceQuality "1"]

1. e4 c5 2. Nf3 Nc6 3. c3 e6 4. d4 cxd4 5. cxd4 Nf6 6. Nc3 Bb4 7. Bd3 d5 8. e5 Ne4 9. Bd2 Bxc3 10. bxc3 Nxd2 11. Qxd2 Bd7 12. 0-0 Rc8 13. Qf4 f5 14. exf6 Qxf6 15. Qd6 Qe7 16. Qg3 Qf6 17. Rfe1 Ne7 18. Ne5 a6 19. a4 g6 20. Rab1 Bxa4 21. Rxb7 0-0 22. Ng4 Qg5 23. h4 Qd2 24. Rxe6 Nf5 25. Bxf5 Rxf5 26. Ree7 Kf8 27. Rxh7 Ke8 28. Rh8+ Rf8 29. Qe5+ 1-0